| 000 | 00537cab a2200169 4500 | ||
|---|---|---|---|
| 001 | L131007 | ||
| 008 | 050912n2005 000 0 eng u | ||
| 035 | _a(Sirsi) u131007 | ||
| 041 | 0 | _aeng | |
| 245 | 0 | 0 | _aDesert island risks |
| 260 | _c2005 | ||
| 490 | 0 |
_aProperty Week _v70(37) 16 September 2005, 56-57(2) |
|
| 520 | _aDiscusses the operation of off-shore investments, and how Revenue and Customs are investigating how these operate. | ||
| 590 | _aIKA270905 | ||
| 690 | _aPROPERTY-PROPERTY FINANCE AND INVESTMENT | ||
| 942 | _n0 | ||
| 999 |
_c104616 _d104616 |
||